| 000 | 00475nam a2200193 a 4500 | ||
|---|---|---|---|
| 001 | 5252 | ||
| 003 | CO-ViMGA | ||
| 008 | 141112s2004 ck r 000 u spa d | ||
| 040 |
_aCO-ViMGA _bspa _cCO-ViMGA |
||
| 082 | 0 | 4 | _a539 L384 |
| 100 | 1 |
_aLevine, Ira N _93557 |
|
| 245 | 1 | 0 | _aFisicoquímica vol 2 |
| 250 | _a4a | ||
| 260 |
_aMadrid : _bMcGraw - Hill, _c1996 |
||
| 300 | _a2 v : il | ||
| 500 | _aEn colección v.2. | ||
| 650 | 1 | 4 |
_aFISICOQUIMICA _951791 |
| 942 |
_2ddc _cBK |
||
| 999 |
_c17249 _d17249 |
||